La tarea de corregir : (Record no. 28193)

MARC details
000 -LEADER
campo de control de longitud fija 00528nam a22001937a 4500
001 - NÚMERO DE CONTROL
campo de control 00028178
008 - DATOS DE LONGITUD FIJA--INFORMACIÓN GENERAL
campo de control de longitud fija 260212b ag ||||| |||| 00| 0 spa d
020 ## - NÚMERO INTERNACIONAL ESTÁNDAR DEL LIBRO
Número Internacional Estándar del Libro 9507011307
040 ## - FUENTE DE CATALOGACIÓN
Lengua de catalogación Español; Castellano
Centro/agencia transcriptor AR-CcCEOS
080 ## - NÚMERO DE LA CLASIFICACIÓN DECIMAL UNIVERSAL
Número de la Clasificación Decimal Universal 372.46
090 ## - LOCALMENTE ASIGNADO TIPO-LC NÚMERO DE CLASIFICACIÓN (OCLC); NÚMERO DE CLASIFICACIÓN LOCAL (RLIN)
Número cutter local (OCLC) ; Número de libro/Signatura topográfica íntegra, CALL (RLIN) ROS
100 ## - ENTRADA PRINCIPAL--NOMBRE DE PERSONA
Nombre de persona María Matilde Del Rosso
9 (RLIN) 474
245 ## - MENCIÓN DEL TÍTULO
Título La tarea de corregir :
Resto del título Los trabajos de lengua /
Mención de responsabilidad, etc. María Matilde Del Rosso
250 ## - MENCION DE EDICION
Mención de edición 1a ed.
260 ## - PUBLICACIÓN, DISTRIBUCIÓN, ETC.
Lugar de publicación, distribución, etc. Buenos Aires :
Nombre del editor, distribuidor, etc. Aique,
Fecha de publicación, distribución, etc. 1992.
300 ## - DESCRIPCIÓN FÍSICA
Extensión 101 p. ;
Dimensiones 22x16 cm.
942 ## - ELEMENTOS DE ENTRADA SECUNDARIOS (KOHA)
Fuente de la clasificación o esquema de estantería Clasificación decimal universal
Tipo de ítem Koha Libros
945 ## -
-- 66467
-- Melina Rolando
-- 66467
-- Melina Rolando
Holdings
Estatus retirado Estado de pérdida Fuente de la clasificación o esquema de estantería Estado de daño No para préstamo Colección Biblioteca de origen Biblioteca actual Fecha de adquisición Número de inventario Total de préstamos Signatura topográfica completa Código de barras Visto por última vez Precio de reemplazo Tipo de ítem Koha
    Clasificación decimal universal     SER Biblioteca Julio Serebrinsky Biblioteca Julio Serebrinsky 12/02/2026 45561   372.46 45561 12/02/2026 12/02/2026 Libros